| 000 | 01467cam a2200241 4500 | ||
|---|---|---|---|
| 001 | J125613 | ||
| 008 | 111205n2003 000 0 eng u | ||
| 035 | _a(Sirsi) u125613 | ||
| 041 | _aeng | ||
| 050 |
_a630.1 _c18 |
||
| 100 |
_aHaskins of Skidby, Christopher Robin Haskins _cBaron |
||
| 240 | _aLord Haskin's report | ||
| 245 |
_aRural delivery review _ba report on the delivery of government policies in rural England |
||
| 260 |
_aLondon _bDEFRA _c2003 |
||
| 520 | _aThis report outlines how rural delivery arrangements should evolve, taking account of wider developments in government such as the commitment to devolution and moves to make public services more accountable and locally responsive. The report highlights specific areas for improvement and makes key recommendations concerning accountability, satisfying regional and local priorities, the number of organisations involved, lack of co-ordination and confused customers. The report concludes that current arrangements for delivering Defra's rural policies are incapable of coping effectively with the changes that lie ahead whilst delivering value for money to the taxpayer. | ||
| 650 | _aRURAL POLICY | ||
| 650 | _aRURAL DEVELOPMENT | ||
| 650 | _aDEFRA | ||
| 650 | _aMODERNISATION | ||
| 690 |
_aRural _96268 |
||
| 856 |
_uhttps://webarchive.nationalarchives.gov.uk/+/http://www.berr.gov.uk/files/file10719.pdf _zView the report at http://webarchive.nationalarchives.gov.uk |
||
| 942 | _n0 | ||
| 999 |
_c103444 _d103444 |
||